Indianapolis Colts players - Statistics

General Stats
  • This quiz has been taken 320 times
  • The average score is 12 of 35
Answer Stats
Hint Answer % Correct
Quarterback #12 Andrew Luck
98%
Quarterback #18 Peyton Manning
72%
Wide receiver #87 Reggie Wayne
71%
Wide receiver #88 Marvin Harrison
65%
Running back #32 Edgerrin James
54%
Tight end #44 Dallas Clark
53%
Punter #1 Pat McAfee
49%
Center #63 Jeff Saturday
48%
Defensive end #98 Robert Mathis
47%
Head coach (Super Bowl) Tony Dungy
45%
Defensive end #93 Dwight Freeney
44%
Safety #21 Bob Sanders
42%
Cornerback #21 Vontae Davis
36%
Quarterback #19 Johnny Unitas
35%
Kicker #4 Adam Vinatieri
34%
Running back #44 Ahmad Bradshaw
33%
Tight end #83 Dwayne Allen
33%
Tight end #80 Coby Fleener
32%
Wide receiver #10 Donte Moncrief
31%
Left tackle #74 Anthony Castonzo
27%
Running back #28 Marshall Faulk
26%
Linebacker #58 Gary Brackett
21%
Linebacker #52 D'Qwell Jackson
20%
Safety #29 Mike Adams
18%
Kicker #13 Mike Vanderjagt
16%
Left guard #75 Jack Mewhort
15%
Long snapper #45 Matt Overton
14%
Left tackle #78 Tarik Glenn
14%
Linebacker #50 Jerrell Freeman
13%
Running back #36 Boom Herron
12%
Tight end #81 Marcus Pollard
12%
Cornerback #28 Greg Toler
11%
Wide receiver #83 Brandon Stokley
8%
Safety #30 LaRon Landry
7%
Linebacker #92 Bjoern Werner
5%
No matching quizzes found
Score Distribution
Percent of People with Each Score
Percentile by Number Answered
Your Score History
You have not taken this quiz